00585nam a22001697a 450000500170000001000130001702000260003003500120005603700130006808200080008110000330008924500890012224600660021126000530027727000590033030000260038920230817161440.0 aUR-12136 a9789392496950c275.00 aU-10691 bDBAD/PUB a270 aانوار الحق تبسم aعالمی تہز یب کو اسلام کا عطیہ /cانوار الحق تبسم aAalami Tahzeeb ko Islam ka Atia /bby Anwarul Haque Tabbassum aNew DelhibEducational Publishing Housec2022 ء aH.O. D1/16, Ansari Road, Darya GanjbNew Delhie110002 a176 صc22cm(Hb)